Cause of death by President. - Statistics

General Stats
  • This quiz has been taken 213 times
  • The average score is 18 of 39
Answer Stats
President Answer % Correct
Abraham Lincoln Bullet Wound
88%
James Garfield Bullet Wound
88%
William McKinley Bullet Wound
88%
John F Kennedy Bullet Wound
84%
Herbert Hoover Colon Cancer
83%
Ulysses S Grant Esophageal Cancer
83%
Harry Truman Old Age
77%
John Adams Heart Attack
75%
Rutherford Hayes Heart Attack
75%
Grover Cleveland Heart Attack
75%
Warren Harding Heart Attack
75%
Lyndon B Johnson Heart Attack
75%
John Quincy Adams Stroke
67%
John Tyler Stroke
67%
Millard Fillmore Stroke
67%
Andrew Johnson Stroke
67%
Woodrow Wilson Stroke
67%
Richard Nixon Stroke
67%
William Henry Harrison Pneumonia
47%
Benjamin Harrison Pneumonia
47%
Thomas Jefferson Dysentery
37%
James Monroe Tuberculosis
30%
Martin Van Buren Heart Failure
28%
James Madison Heart Failure
25%
Andrew Jackson Heart Failure
25%
Dwight D Eisenhower Heart Failure
25%
James K Polk Cholera
24%
Zachary Taylor Cholera
24%
William Howard Taft Heart Disease
24%
Ronald Reagan Alzheimer's Disease
16%
Franklin Pierce Cirrhosis of the Liver
11%
George H W Bush Parkinson's Disease
10%
Teddy Roosevelt Blood Clot
9%
Calvin Coolidge Blood Clot
9%
George Washington Acute Bacterial Epiglottitis
7%
Franklin Delano Roosevelt Brain Hemorrhage
5%
Chester Arthur Bright's Disease
4%
James Buchanan Respiratory Insufficiency
3%
Gerald Ford Cerebrovascular Disease
2%
No matching quizzes found
Score Distribution
Percent of People with Each Score
Percentile by Number Answered
Your Score History
You have not taken this quiz